| 000 | 00729nam a2200217 a 4500 | ||
|---|---|---|---|
| 005 | 20250903063926.0 | ||
| 008 | 040325s2002 mx r 000 0 spa d | ||
| 020 | _a9586482820 | ||
| 035 | _aUPN01000132823 | ||
| 049 | _aCG | ||
| 050 | 4 |
_aLB2806.15 _bM3.2 |
|
| 100 | 1 | _aMaldonado García, Miguel Angel | |
| 245 | 1 | 4 |
_aLas competencias : _buna opción de vida : metodología para el diseño curricular / _cMiguel Angel Maldonado García. |
| 260 |
_aBogotá : _bECOE, _c2002. |
||
| 300 |
_axvi, 173 p. _bgráfs. |
||
| 440 | 0 |
_aTextos universitarios. _pEducación y pedagogía |
|
| 650 | 4 |
_aPLANIFICACION CURRICULAR - _zCOLOMBIA _95473 |
|
| 650 | 2 |
_aCompetitividad _95525 |
|
| 650 | 4 |
_aDiseño curricular _96719 |
|
| 905 | _aLibro | ||
| 999 |
_c104977 _d104977 |
||